000 00823nam a22002537a 4500
003 dpl
005 20180810123148.0
008 180810b xxu||||| |||| 00| 0 eng d
010 _aB-217451
020 _c135.00
035 _aA-159426, B-217456
037 _bCen Lib/Ret
040 _aDPL
_bEN
_c0
082 _a250.1
_bGOS
245 _aThe gospel of buddha /
_ccompiled and edited by Paul Carus ; illustrated by O. Kopetzky
260 _aNew Delhi
_bMinistary of Information and Broadcasting
_c2006
270 _aCGO Compex, Lodhi Road
_bNew Delhi
_e110003
300 _axx, 265p.
_c19cm(Hb)
500 _aIncludes bibliographical references
650 _aBuddhism
_91068
650 _aHistorical aspects
_xBuddha
_984287
700 _aCarus, Paul
_984288
942 _2ddc
_cEN
_h250.1
_mGOS
999 _c124854
_d124854